000 00832cab a2200229 4500
001 ABS48793
008 090401t1993 xxu||||| |||| 00| 0 eng d
035 _a(Sirsi) u68556
041 _aeng
245 _aOccupier data: financial sector
260 _c1993
350 _a0
490 _aCSW - The Property Week
_v43(12) 17 June 1993, 29-29(2)
520 _aReviews a survey of occupiers in the financial sector. The survey aims to indicate the use of surveyors` professional services. Includes brief profiles of the property decision-makers of Midland Bank, Barclays Bank and Leeds Permanent.
650 _aABOUT RICS-RICS MEMBERS
650 _aFINANCIAL SECTOR
650 _aOCCUPIERS REQUIREMENTS
650 _aPROFESSIONAL SERVICES
690 _aCOMMERCIAL PROPERTY-MANAGEMENT
942 _n0
948 _c04/03/1997
999 _c43012
_d43012